[Event "Monarch Assurance Isle of Man 15th"]
[Site "Port Erin IOM"]
[Date "2006.09.23"]
[Round "1.1"]
[White "Akopian, Vladimir"]
[Black "Roy Chowdhury, Saptarshi"]
[Result "1-0"]
[WhiteElo "2713"]
[BlackElo "2394"]
[PlyCount "123"]
[EventDate "2006.09.23"]
[EventType "swiss"]
[EventRounds "9"]
[EventCountry "IOM"]

1. e4 c5 2. Nf3 Nc6 3. Bb5 Qb6 4. Nc3 e6 5. Bxc6 Qxc6 6. d4 cxd4 7. Nxd4 Qc7 8.
O-O a6 9. Re1 d6 10. Bg5 Be7 11. Bxe7 Nxe7 12. Qd2 e5 13. Nf3 Be6 14. Ng5 O-O
15. Re3 Rad8 16. Rd1 Bg4 17. Rde1 h6 18. h3 Bc8 19. Nf3 Be6 20. Qc1 b5 21. a3
f5 22. exf5 Nxf5 23. Rd3 Bc8 24. a4 Bb7 25. axb5 axb5 26. Nxb5 Qf7 27. Nc3 Rde8
28. Nd2 Nh4 29. f3 Qg6 30. Re2 Ba6 31. Kh2 Bxd3 32. cxd3 Nf5 33. Qe1 Nd4 34.
Re4 Rb8 35. Nd5 Qf7 36. Ne3 Rxb2 37. Nec4 Ra2 38. Qb1 Rfa8 39. Nxd6 Qg6 40.
N6c4 Nxf3+ 41. gxf3 Qg5 42. Qe1 Rc8 43. Rxe5 Qf4+ 44. Kh1 Rf8 45. Re4 Qf5 46.
Qg3 Rd8 47. d4 Rc2 48. Ne3 Rc1+ 49. Kg2 Qa5 50. Qf2 Rc3 51. d5 Rd3 52. Ndc4 Qc3
53. Qe2 Kh7 54. Kg3 Ra8 55. Nd1 Qb3 56. Re3 Rxe3 57. Ndxe3 Ra2 58. Qd1 Qxd1 59.
Nxd1 Kg6 60. Nde3 Kf6 61. Ng4+ Ke7 62. Nge5 1-0

[Event "Monarch Assurance Isle of Man 15th"]
[Site "Port Erin IOM"]
[Date "2006.09.23"]
[Round "1.2"]
[White "Ferguson, Mark"]
[Black "Kobalia, Mikhail"]
[Result "1/2-1/2"]
[WhiteElo "2389"]
[BlackElo "2647"]
[PlyCount "173"]
[EventDate "2006.09.23"]
[EventType "swiss"]
[EventRounds "9"]
[EventCountry "IOM"]

1. e4 c5 2. Nf3 d6 3. Bb5+ Nd7 4. c3 Ngf6 5. Qe2 a6 6. Ba4 e5 7. O-O Be7 8. d4
b5 9. Bc2 O-O 10. a4 Rb8 11. Nbd2 Qc7 12. dxe5 dxe5 13. b3 Re8 14. Rd1 Bb7 15.
Nf1 Bc6 16. axb5 axb5 17. Ng3 Qb7 18. h3 Ra8 19. Rxa8 Rxa8 20. Bd3 Bf8 21. Nh2
Ne8 22. Nf5 Ndf6 23. Ng4 Bxe4 24. Nxe5 Ra1 25. f3 Bxd3 26. Nxd3 Qd5 27. Ne7+
Bxe7 28. Qxe7 c4 29. bxc4 Qxc4 30. Re1 h6 31. Ne5 Qd5 32. Bd2 Ra8 33. Be3 Rc8
34. Bd4 Nd6 35. Ng4 Nxg4 36. hxg4 Re8 37. Qxe8+ Nxe8 38. Rxe8+ Kh7 39. Rb8 h5
40. gxh5 Qxh5 41. Rb6 Qd5 42. Kf2 f6 43. Rb8 Kg6 44. Rb6 Kf7 45. g4 Ke8 46. Ke3
Kd8 47. Ra6 Qb3 48. Rd6+ Kc7 49. Ra6 Kd8 50. Rd6+ Ke8 51. Rb6 Qb1 52. Rb8+ Kf7
53. Rb7+ Kg6 54. Kf2 Qc2+ 55. Kg3 Qe2 56. Kf4 Qe8 57. Rb6 Qd7 58. Kg3 Qd5 59.
Kf4 Kf7 60. Ke3 Qg5+ 61. Ke2 Ke7 62. Rb7+ Kd6 63. Rb6+ Kc7 64. Ra6 Qh6 65. Bf2
Qh7 66. Bd4 Qh2+ 67. Ke3 Kd8 68. Ra8+ Ke7 69. Ra6 Kf7 70. Rb6 Qb2 71. Rb7+ Kg6
72. Kf4 Qe2 73. Kg3 Qf1 74. Kf4 Kh6 75. Rb6 Qc1+ 76. Ke4 Qc2+ 77. Ke3 Qb1 78.
Kf4 Kh7 79. Rb7 Kg6 80. Kg3 Qe1+ 81. Kg2 Kh6 82. Bf2 Qe2 83. Kg3 Qf1 84. Bd4
Kg6 85. Rb6 Qe1+ 86. Kg2 Kg5 87. Rxb5+ 1/2-1/2

[Event "Monarch Assurance Isle of Man 15th"]
[Site "Port Erin IOM"]
[Date "2006.09.23"]
[Round "1.3"]
[White "Korneev, Oleg"]
[Black "Devereaux, Max"]
[Result "1/2-1/2"]
[WhiteElo "2638"]
[BlackElo "2377"]
[PlyCount "117"]
[EventDate "2006.09.23"]
[EventType "swiss"]
[EventRounds "9"]
[EventCountry "IOM"]

1. e4 c5 2. Nf3 Nc6 3. d4 cxd4 4. Nxd4 Nf6 5. Nc3 e5 6. Ndb5 d6 7. Bg5 a6 8.
Na3 b5 9. Nd5 Be7 10. Bxf6 Bxf6 11. c3 O-O 12. Nc2 Bg5 13. a4 bxa4 14. Rxa4 a5
15. Bc4 Rb8 16. b3 Kh8 17. Nce3 g6 18. h4 Bxh4 19. g3 Bg5 20. f4 exf4 21. gxf4
Bh4+ 22. Kd2 Ne7 23. Kc1 Nxd5 24. Nxd5 Be6 25. Qd4+ Kg8 26. Ra2 Bxd5 27. Qxd5
Qf6 28. Qd2 Bg3 29. Rf1 d5 30. Bxd5 g5 31. Kb2 Bxf4 32. Rxa5 Rbc8 33. Qd3 Kh8
34. b4 Rc7 35. Kb3 Rb8 36. Ra6 Qg7 37. c4 Be5 38. Ra8 Rxa8 39. Bxa8 Rc8 40. Bd5
Rd8 41. c5 g4 42. Qe2 f6 43. Rc1 Qh6 44. Rc2 Qh3+ 45. Ka4 Rb8 46. b5 g3 47. b6
Qh1 48. Ra2 Qg1 49. Kb5 Qb1+ 50. Ka6 Qb4 51. Qb5 Qc3 52. Qa5 Qf3 53. Qd2 Qf1+
54. Ka5 Qg1 55. Kb5 Qf1+ 56. Kc6 Bf4 57. Qe2 Rc8+ 58. Kd7 Qxe2 59. Rxe2 1/2-1/2

[Event "Monarch Assurance Isle of Man 15th"]
[Site "Port Erin IOM"]
[Date "2006.09.23"]
[Round "1.4"]
[White "Kononenko, Tatiana"]
[Black "Krasenkow, Michal"]
[Result "0-1"]
[WhiteElo "2387"]
[BlackElo "2635"]
[PlyCount "122"]
[EventDate "2006.09.23"]
[EventType "swiss"]
[EventRounds "9"]
[EventCountry "IOM"]

1. d4 f5 2. Nc3 d5 3. Bg5 c6 4. e3 Qb6 5. a3 Nd7 6. Nf3 g6 7. Be2 Bg7 8. Bf4
Nh6 9. b4 Nf7 10. Na4 Qd8 11. c4 e5 12. dxe5 Ndxe5 13. Nxe5 Nxe5 14. cxd5 cxd5
15. O-O O-O 16. Qb3 Be6 17. Nc5 Bf7 18. Nxb7 Qe7 19. Na5 d4 20. Qb1 d3 21. Bxd3
Nxd3 22. Qxd3 Bxa1 23. Rxa1 Qf6 24. Qd4 Qxd4 25. exd4 Bd5 26. Rc1 Rac8 27. Rc5
Rxc5 28. dxc5 Re8 29. Kf1 Re4 30. Bd6 Kf7 31. c6 Ke8 32. Bc5 a6 33. a4 Re6 34.
b5 axb5 35. axb5 Be4 36. f3 Bd3+ 37. Kf2 Bxb5 38. h4 Re2+ 39. Kg3 Rc2 40. Bb6
Bxc6 41. Nxc6 Rxc6 42. Bd4 Rc4 43. Be5 Ke7 44. Bb8 Ke6 45. Bf4 Kd5 46. Bb8 Ra4
47. Bc7 Rb4 48. Bf4 Kd4 49. h5 Kd3 50. hxg6 hxg6 51. Bd6 Rb2 52. Be7 Ke2 53.
Kf4 Kf2 54. g4 Rb3 55. Bc5+ Ke2 56. gxf5 Rxf3+ 57. Kg4 gxf5+ 58. Kg5 f4 59. Bd6
Ke3 60. Kg4 Rf1 61. Bc5+ Ke2 0-1

[Event "Monarch Assurance Isle of Man 15th"]
[Site "Port Erin IOM"]
[Date "2006.09.23"]
[Round "1.5"]
[White "Volkov, Sergey1"]
[Black "Peek, Marcel"]
[Result "1-0"]
[WhiteElo "2628"]
[BlackElo "2367"]
[PlyCount "57"]
[EventDate "2006.09.23"]
[EventType "swiss"]
[EventRounds "9"]
[EventCountry "IOM"]

1. d4 d5 2. Nf3 Nc6 3. e3 Bg4 4. Nbd2 e5 5. h3 Bxf3 6. Nxf3 e4 7. Nd2 Nf6 8. c4
a6 9. a3 Bd6 10. cxd5 Na7 11. Qc2 Qe7 12. g4 O-O 13. Bg2 Rfe8 14. g5 Nxd5 15.
Nxe4 c6 16. Nxd6 Qxd6 17. O-O Nb5 18. Bd2 Rad8 19. Rae1 h6 20. h4 Ne7 21. Ba5
Rd7 22. f4 Nd5 23. Bd2 Rde7 24. Qd3 Qd7 25. a4 Nd6 26. e4 Nc7 27. f5 f6 28.
gxf6 gxf6 29. e5 1-0

[Event "Monarch Assurance Isle of Man 15th"]
[Site "Port Erin IOM"]
[Date "2006.09.23"]
[Round "1.6"]
[White "Zimmerman, Yuri"]
[Black "Socko, Bartosz"]
[Result "0-1"]
[WhiteElo "2374"]
[BlackElo "2621"]
[PlyCount "86"]
[EventDate "2006.09.23"]
[EventType "swiss"]
[EventRounds "9"]
[EventCountry "IOM"]

1. d4 Nf6 2. c4 e6 3. Nf3 Bb4+ 4. Bd2 c5 5. Bxb4 cxb4 6. a3 bxa3 7. Rxa3 d6 8.
Nc3 O-O 9. e3 Nc6 10. Bd3 e5 11. dxe5 dxe5 12. O-O Bg4 13. Qb1 Bxf3 14. gxf3
Nb4 15. Be4 Qc7 16. b3 a6 17. Ra4 Qe7 18. Qb2 Nxe4 19. fxe4 Rad8 20. Kh1 Nd3
21. Qc2 Qh4 22. f3 f5 23. exf5 Rxf5 24. Nd5 e4 25. f4 Rd7 26. Ra2 Qh6 27. Qg2
Qe6 28. Rg1 g6 29. Qg3 Kg7 30. Qg2 Rh5 31. Qg4 Qxg4 32. Rxg4 b5 33. Rg1 Nc5 34.
b4 Na4 35. Rc1 bxc4 36. Rxa4 Rdxd5 37. Rc2 Rd6 38. Rca2 Rh3 39. Rxa6 Rd1+ 40.
Kg2 Rxe3 41. Rc6 c3 42. Rf2 Rd2 43. Rc4 Rf3 0-1

[Event "Monarch Assurance Isle of Man 15th"]
[Site "Port Erin IOM"]
[Date "2006.09.23"]
[Round "1.7"]
[White "Kazhgaleyev, Murtas"]
[Black "Sahl, Bjarke"]
[Result "1-0"]
[WhiteElo "2606"]
[BlackElo "2364"]
[PlyCount "43"]
[EventDate "2006.09.23"]
[EventType "swiss"]
[EventRounds "9"]
[EventCountry "IOM"]

1. d4 d5 2. c4 c6 3. Nc3 e5 4. e3 e4 5. Qa4 dxc4 6. Nxe4 b5 7. Qd1 f5 8. Nc3 a6
9. g3 Ra7 10. Bg2 Bd6 11. b3 Be6 12. Nge2 Nf6 13. O-O O-O 14. Qc2 Raf7 15. Rd1
Nd5 16. Nxd5 Bxd5 17. Bb2 a5 18. bxc4 Bxc4 19. d5 Rc7 20. Nd4 Bxd5 21. Bxd5+
cxd5 22. Qb3 1-0

[Event "Monarch Assurance Isle of Man 15th"]
[Site "Port Erin IOM"]
[Date "2006.09.23"]
[Round "1.8"]
[White "Dworakowska, Joanna"]
[Black "Shabalov, Alexander"]
[Result "0-1"]
[WhiteElo "2359"]
[BlackElo "2604"]
[PlyCount "54"]
[EventDate "2006.09.23"]
[EventType "swiss"]
[EventRounds "9"]
[EventCountry "IOM"]

1. e4 c5 2. Nf3 Nc6 3. d4 cxd4 4. Nxd4 Nf6 5. Nc3 e5 6. Ndb5 d6 7. Nd5 Nxd5 8.
exd5 Ne7 9. c3 Nf5 10. a4 g6 11. Be2 Bg7 12. O-O O-O 13. Qb3 Re8 14. Na3 Nh6
15. a5 f5 16. Bb5 Rf8 17. a6 f4 18. axb7 Bxb7 19. Bd3 Rb8 20. Qa2 f3 21. g3 e4
22. Bc4 Qd7 23. Re1 Ng4 24. Nc2 Nxf2 25. Kxf2 Qh3 26. Nd4 Qg2+ 27. Ke3 Bh6+ 0-1

[Event "Monarch Assurance Isle of Man 15th"]
[Site "Port Erin IOM"]
[Date "2006.09.23"]
[Round "1.9"]
[White "Iordachescu, Viorel"]
[Black "Zozulia, Anna"]
[Result "1-0"]
[WhiteElo "2603"]
[BlackElo "2352"]
[PlyCount "97"]
[EventDate "2006.09.23"]
[EventType "swiss"]
[EventRounds "9"]
[EventCountry "IOM"]

1. e4 g6 2. d4 Bg7 3. Nc3 c6 4. Nf3 d6 5. Be2 Nf6 6. O-O O-O 7. h3 Qc7 8. Bf4
Nh5 9. Be3 e5 10. a4 a5 11. Re1 Na6 12. Nb1 Nf6 13. Nbd2 Re8 14. Bf1 exd4 15.
Bxd4 Bd7 16. e5 Nd5 17. exd6 Rxe1 18. Qxe1 Qxd6 19. Nc4 Qc7 20. Qxa5 Qxa5 21.
Nxa5 Nab4 22. Bxg7 Rxa5 23. Bh6 Nxc2 24. Rc1 Ncb4 25. b3 Bf5 26. Bd2 Ra8 27.
Rc4 Na6 28. g4 Be6 29. Ng5 Nb6 30. Rc3 Bd5 31. f3 Nd7 32. Ne4 Bxe4 33. fxe4
Nac5 34. Re3 Re8 35. Bg2 Nf6 36. g5 Nfd7 37. h4 f6 38. a5 fxg5 39. hxg5 Ne5 40.
Bc3 Ng4 41. Re2 Nxb3 42. a6 bxa6 43. e5 Nc1 44. Re4 h5 45. Bf1 Rb8 46. Re1 Rb1
47. e6 Kf8 48. Bd2 Nb3 49. Bb4+ 1-0

[Event "Monarch Assurance Isle of Man 15th"]
[Site "Port Erin IOM"]
[Date "2006.09.23"]
[Round "1.10"]
[White "Mannion, Stephen"]
[Black "Malakhatko, Vadim"]
[Result "0-1"]
[WhiteElo "2346"]
[BlackElo "2594"]
[PlyCount "124"]
[EventDate "2006.09.23"]
[EventType "swiss"]
[EventRounds "9"]
[EventCountry "IOM"]

1. e4 e6 2. d4 d5 3. Nd2 c5 4. exd5 Qxd5 5. Ngf3 cxd4 6. Bc4 Qd6 7. O-O Nf6 8.
Nb3 Nc6 9. Nbxd4 Nxd4 10. Nxd4 a6 11. Bb3 Bd7 12. c3 Qc7 13. Qf3 Bd6 14. h3
Bh2+ 15. Kh1 Be5 16. Be3 O-O 17. Rfe1 Rfe8 18. Rad1 h6 19. Bc2 Rad8 20. Bb1 Bc8
21. Qe2 Bf4 22. Nf3 Bxe3 23. Qxe3 b5 24. Ne5 Bb7 25. f4 Rd6 26. Bc2 Red8 27.
Rxd6 Rxd6 28. Rd1 Qd8 29. Rxd6 Qxd6 30. Bb3 Nd7 31. Qd4 Qxd4 32. cxd4 Nf6 33.
f5 exf5 34. Bxf7+ Kf8 35. Be6 Bd5 36. Bc8 a5 37. a3 Ne4 38. Bd7 Nd6 39. Kg1 g5
40. g4 f4 41. h4 Ke7 42. hxg5 hxg5 43. Kf2 b4 44. axb4 axb4 45. Bc6 Ke6 46.
Bd7+ Kf6 47. Bc6 Be6 48. Bf3 Nc4 49. Nd3 b3 50. d5 Bc8 51. Nc5 Nxb2 52. Nxb3
Nd3+ 53. Ke2 Ne5 54. Nc5 Nxg4 55. d6 Ne5 56. Bh5 Bf5 57. Be8 g4 58. Bh5 Nd7 59.
Nd3 Bxd3+ 60. Kxd3 g3 61. Ke2 Ne5 62. Kf1 Ke6 0-1

[Event "Monarch Assurance Isle of Man 15th"]
[Site "Port Erin IOM"]
[Date "2006.09.23"]
[Round "1.11"]
[White "Postny, Evgeny"]
[Black "Quillan, Gary"]
[Result "1-0"]
[WhiteElo "2591"]
[BlackElo "2344"]
[PlyCount "99"]
[EventDate "2006.09.23"]
[EventType "swiss"]
[EventRounds "9"]
[EventCountry "IOM"]

1. Nf3 Nf6 2. d4 c5 3. d5 e6 4. Nc3 d6 5. e4 a6 6. a4 Be7 7. Be2 O-O 8. O-O
exd5 9. exd5 Re8 10. Nd2 Nbd7 11. Nc4 Bf8 12. a5 b5 13. axb6 Nxb6 14. Na5 Ne4
15. Nxe4 Rxe4 16. Bd3 Re8 17. c4 Qf6 18. Qc2 h6 19. Bd2 Bd7 20. Rfb1 Nc8 21.
Ra3 Kh8 22. Nc6 Na7 23. Nxa7 Rxa7 24. Re1 Rxe1+ 25. Bxe1 Bc8 26. Bc3 Qg5 27.
Rb3 Re7 28. Rb8 Re8 29. Qd2 Qxd2 30. Bxd2 g6 31. Kf1 Kg7 32. Bc2 Be7 33. Ba4
Rd8 34. Ba5 Rf8 35. Bc3+ f6 36. Ra8 Bf5 37. Ra7 Kf7 38. b4 cxb4 39. Bxb4 Rd8
40. c5 Kf8 41. c6 Rb8 42. Rb7 Rc8 43. Bb3 Ke8 44. Bc4 Ra8 45. c7 Rc8 46. Bxa6
Kf7 47. Ra7 Re8 48. c8=Q Bxc8 49. Bxc8 Rxc8 50. Bxd6 1-0

[Event "Monarch Assurance Isle of Man 15th"]
[Site "Port Erin IOM"]
[Date "2006.09.23"]
[Round "1.12"]
[White "Ashton, Adam"]
[Black "Ikonnikov, Vyacheslav"]
[Result "0-1"]
[WhiteElo "2329"]
[BlackElo "2587"]
[PlyCount "68"]
[EventDate "2006.09.23"]
[EventType "swiss"]
[EventRounds "9"]
[EventCountry "IOM"]

1. e4 c5 2. Nf3 Nc6 3. Bb5 g6 4. O-O Bg7 5. Re1 e5 6. Bxc6 dxc6 7. d3 Nh6 8. h3
f5 9. Nbd2 Nf7 10. a3 O-O 11. b4 cxb4 12. axb4 Be6 13. Bb2 Qb6 14. Ra4 c5 15.
Ba3 Qc6 16. c4 Rfd8 17. b5 Qd6 18. Qa1 b6 19. Bc1 Qxd3 20. Re3 Qd6 21. Rxa7
Rxa7 22. Qxa7 Bh6 23. Rc3 Rd7 24. Qa8+ Kg7 25. Nf1 Qd1 26. Bxh6+ Nxh6 27. Qc6
Rd6 28. Qc7+ Nf7 29. N3h2 Qa1 30. Rc2 Qb1 31. Rc3 Qb2 32. Rg3 Qc1 33. h4 Bxc4
34. h5 Bxf1 0-1

[Event "Monarch Assurance Isle of Man 15th"]
[Site "Port Erin IOM"]
[Date "2006.09.23"]
[Round "1.13"]
[White "Khenkin, Igor"]
[Black "Szieberth, Adam"]
[Result "1-0"]
[WhiteElo "2586"]
[BlackElo "2328"]
[PlyCount "81"]
[EventDate "2006.09.23"]
[EventType "swiss"]
[EventRounds "9"]
[EventCountry "IOM"]

1. d4 Nf6 2. c4 e6 3. Nc3 c5 4. d5 d6 5. Nf3 exd5 6. cxd5 a6 7. a4 g6 8. Nd2
Nbd7 9. e4 Bg7 10. Be2 O-O 11. O-O Rb8 12. a5 Ne8 13. f4 b5 14. axb6 Nxb6 15.
Nb3 Nc7 16. Be3 Re8 17. Na5 Bd7 18. Qd2 Nb5 19. Bd3 f5 20. Nc6 Bxc6 21. dxc6
Qc7 22. Rxa6 Nxc3 23. bxc3 fxe4 24. Bb5 Nc8 25. Bc4+ Kh8 26. Bd5 Ne7 27. Rfa1
Qc8 28. Bxe4 d5 29. Bf3 d4 30. cxd4 Nf5 31. Bf2 Nxd4 32. Bxd4 Bxd4+ 33. Kh1
Bxa1 34. Rxa1 Qc7 35. Rc1 Rb4 36. g3 Rd4 37. Qc3 Qg7 38. Qxc5 Rd2 39. c7 Rc8
40. Bg4 Qb2 41. Qe5+ 1-0

[Event "Monarch Assurance Isle of Man 15th"]
[Site "Port Erin IOM"]
[Date "2006.09.23"]
[Round "1.14"]
[White "Mohota, Nisha"]
[Black "Landa, Konstantin"]
[Result "0-1"]
[WhiteElo "2313"]
[BlackElo "2584"]
[PlyCount "88"]
[EventDate "2006.09.23"]
[EventType "swiss"]
[EventRounds "9"]
[EventCountry "IOM"]

1. d4 Nf6 2. c4 e6 3. Nc3 Bb4 4. Qc2 O-O 5. a3 Bxc3+ 6. Qxc3 Ne4 7. Qc2 f5 8.
e3 c5 9. dxc5 a5 10. Nf3 a4 11. Bd2 Nxc5 12. Rd1 b6 13. Bc3 Nc6 14. Be2 Bb7 15.
Nd4 Qg5 16. Bf3 Nxd4 17. Bxd4 Bxf3 18. gxf3 d6 19. Ke2 Qe7 20. Rhg1 Rf7 21. Bc3
Rd8 22. Bb4 Qa7 23. f4 Rfd7 24. f3 Qa8 25. Qc3 Rf7 26. h4 Rdd7 27. h5 h6 28.
Rg6 Qd8 29. Qe1 d5 30. cxd5 exd5 31. Bc3 Nb3 32. Bd4 b5 33. Qc3 Rc7 34. Rc6 Qc8
35. Rxc7 Rxc7 36. Qb4 Rc2+ 37. Kf1 Qd7 38. Bc3 Qf7 39. Qd6 Qxh5 40. Qxd5+ Kh7
41. Bd2 Qh1+ 42. Ke2 Qg2+ 43. Ke1 Qg1+ 44. Ke2 Rxd2+ 0-1

[Event "Monarch Assurance Isle of Man 15th"]
[Site "Port Erin IOM"]
[Date "2006.09.23"]
[Round "1.15"]
[White "Yakovich, Yuri"]
[Black "Eggleston, David J"]
[Result "1-0"]
[WhiteElo "2583"]
[BlackElo "2232"]
[PlyCount "103"]
[EventDate "2006.09.23"]
[EventType "swiss"]
[EventRounds "9"]
[EventCountry "IOM"]

1. d4 e6 2. c4 f5 3. g3 Nf6 4. Bg2 Be7 5. Nf3 O-O 6. O-O Ne4 7. Nc3 Bf6 8. Qc2
Nxc3 9. bxc3 Nc6 10. e4 fxe4 11. Qxe4 b6 12. d5 Na5 13. dxe6 Bb7 14. Qg4 dxe6
15. Qxe6+ Kh8 16. Bf4 c5 17. Ne5 Bxg2 18. Kxg2 Qe8 19. Qxe8 Raxe8 20. Nd7 Rf7
21. Rfe1 Rfe7 22. Rxe7 Rxe7 23. Rd1 Kg8 24. Nxf6+ gxf6 25. Kf3 Nxc4 26. Kg4 Kf7
27. Kf5 a5 28. h4 a4 29. h5 a3 30. h6 b5 31. Rd5 b4 32. cxb4 cxb4 33. Rb5 Ra7
34. Rxb4 Nb2 35. Be3 Ra5+ 36. Ke4 Na4 37. Rb7+ Ke6 38. Kd3 Nb2+ 39. Kc2 Nc4 40.
Bc1 Rf5 41. Bf4 Rh5 42. Rxh7 Rh2 43. Kd3 Ne5+ 44. Bxe5 Kxe5 45. Ke3 Kf5 46. Ra7
Rxh6 47. Rxa3 Rh1 48. Ra5+ Ke6 49. Ke4 Rb1 50. Ra6+ Kf7 51. a4 Rb4+ 52. Kf5 1-0

[Event "Monarch Assurance Isle of Man 15th"]
[Site "Port Erin IOM"]
[Date "2006.09.23"]
[Round "1.17"]
[White "Bartel, Mateusz"]
[Black "Spence, David J"]
[Result "1-0"]
[WhiteElo "2561"]
[BlackElo "2205"]
[PlyCount "55"]
[EventDate "2006.09.23"]
[EventType "swiss"]
[EventRounds "9"]
[EventCountry "IOM"]

1. e4 e6 2. d4 d5 3. Nc3 Bb4 4. e5 c5 5. Bd2 Ne7 6. Nb5 Bxd2+ 7. Qxd2 O-O 8. c3
Nbc6 9. f4 cxd4 10. cxd4 Nf5 11. Nf3 Bd7 12. Bd3 a6 13. Nc3 Ncxd4 14. Nxd4 Nxd4
15. Bxh7+ Kxh7 16. Qxd4 Rc8 17. O-O Rc4 18. Qd3+ g6 19. b3 Qb6+ 20. Kh1 Rd4 21.
Qe3 Rb4 22. Qh3+ Kg7 23. Nxd5 exd5 24. Qxd7 Rd8 25. Qe7 Rh8 26. Rad1 Re4 27.
Rxd5 Re2 28. Rd6 1-0

[Event "Monarch Assurance Isle of Man 15th"]
[Site "Port Erin IOM"]
[Date "2006.09.23"]
[Round "1.19"]
[White "Neverov, Valeriy"]
[Black "Collier, David"]
[Result "1-0"]
[WhiteElo "2556"]
[BlackElo "2175"]
[PlyCount "59"]
[EventDate "2006.09.23"]
[EventType "swiss"]
[EventRounds "9"]
[EventCountry "IOM"]

1. d4 Nf6 2. c4 e6 3. Nc3 Bb4 4. e3 c5 5. Bd3 O-O 6. a3 Bxc3+ 7. bxc3 Nc6 8.
Ne2 d6 9. O-O e5 10. d5 Ne7 11. Ng3 g6 12. e4 Ne8 13. Bh6 Ng7 14. f4 f6 15. Ra2
Kh8 16. f5 Ng8 17. Bc1 g5 18. h4 h6 19. Nh1 Qe7 20. g3 Ne8 21. Rh2 Kg7 22. Nf2
Rf7 23. Kg2 Kf8 24. Rfh1 Rg7 25. hxg5 hxg5 26. Qh5 Qf7 27. Qh8 Ke7 28. Rh7 Bd7
29. Rxg7 Nxg7 30. Rh7 1-0

[Event "Monarch Assurance Isle of Man 15th"]
[Site "Port Erin IOM"]
[Date "2006.09.23"]
[Round "1.20"]
[White "Groffen, Hans"]
[Black "Kiriakov, Petr"]
[Result "1/2-1/2"]
[WhiteElo "2171"]
[BlackElo "2554"]
[PlyCount "94"]
[EventDate "2006.09.23"]
[EventType "swiss"]
[EventRounds "9"]
[EventCountry "IOM"]

1. d4 e6 2. c4 Nf6 3. Nc3 Bb4 4. e3 c5 5. Nge2 cxd4 6. exd4 O-O 7. a3 Be7 8. d5
exd5 9. cxd5 Re8 10. d6 Bf8 11. g3 Re6 12. Bf4 Nh5 13. Be3 Rxd6 14. Qb3 Nc6 15.
Bg2 Nf6 16. O-O Re6 17. Rad1 Re8 18. Nd4 Qa5 19. Nd5 Nxd5 20. Bxd5 Nd8 21. Qb5
Qc7 22. Bf4 Qb6 23. Qxb6 axb6 24. Nb5 Re2 25. b4 d6 26. Bxd6 Bh3 27. Rfe1 Rxe1+
28. Rxe1 Bd7 29. Bxf8 Kxf8 30. Bc4 Ne6 31. Re3 Rc8 32. Nd6 Rc7 33. Bd5 Rc1+ 34.
Kg2 Rd1 35. Bxe6 Bxe6 36. Ne4 Bd5 37. f3 Ra1 38. Nd6 Ra2+ 39. Kg1 Be6 40. f4 g6
41. h4 h6 42. Kf1 Rc2 43. Ke1 Ke7 44. Nb5 Kf6 45. Nd4 Ra2 46. Nxe6 fxe6 47. Kd1
Rg2 1/2-1/2

[Event "Monarch Assurance Isle of Man 15th"]
[Site "Port Erin IOM"]
[Date "2006.09.23"]
[Round "1.21"]
[White "Greenfeld, Alon"]
[Black "Sarakauskiene, Zivile"]
[Result "1-0"]
[WhiteElo "2551"]
[BlackElo "2158"]
[PlyCount "37"]
[EventDate "2006.09.23"]
[EventType "swiss"]
[EventRounds "9"]
[EventCountry "IOM"]

1. Nf3 Nf6 2. c4 c5 3. Nc3 e6 4. g3 b6 5. Bg2 Bb7 6. O-O Qc7 7. d4 cxd4 8. Bf4
Qc5 9. Nb5 Na6 10. a3 Qc6 11. Rc1 Be7 12. Bd6 Kf8 13. Qxd4 Nc5 14. Rcd1 Ne8 15.
Bxe7+ Kxe7 16. b4 a6 17. Qh4+ f6 18. Nbd4 g5 19. Nxc6+ 1-0

[Event "Monarch Assurance Isle of Man 15th"]
[Site "Port Erin IOM"]
[Date "2006.09.23"]
[Round "1.22"]
[White "Hutchinson, Norman A"]
[Black "Bobras, Piotr"]
[Result "0-1"]
[WhiteElo "2107"]
[BlackElo "2535"]
[PlyCount "28"]
[EventDate "2006.09.23"]
[EventType "swiss"]
[EventRounds "9"]
[EventCountry "IOM"]

1. e4 c5 2. c3 Nf6 3. e5 Nd5 4. Nf3 Nc6 5. d4 cxd4 6. cxd4 d6 7. Bc4 dxe5 8.
dxe5 Ndb4 9. Qb3 e6 10. Nc3 a6 11. Bg5 Qc7 12. Rd1 Bd7 13. Rxd7 Qxd7 14. O-O
Na5 0-1

[Event "Monarch Assurance Isle of Man 15th"]
[Site "Port Erin IOM"]
[Date "2006.09.23"]
[Round "1.23"]
[White "Hebden, Mark"]
[Black "Fox, Anthony"]
[Result "1-0"]
[WhiteElo "2532"]
[BlackElo "2117"]
[PlyCount "97"]
[EventDate "2006.09.23"]
[EventType "swiss"]
[EventRounds "9"]
[EventCountry "IOM"]

1. d4 d5 2. Nf3 Nf6 3. c4 e6 4. Bg5 Be7 5. Nc3 O-O 6. e3 h6 7. Bxf6 Bxf6 8. Be2
dxc4 9. Ne4 Nd7 10. Bxc4 e5 11. O-O exd4 12. Nxd4 Nb6 13. Bb3 Bxd4 14. exd4 c6
15. Re1 Nd5 16. Qf3 a5 17. Qg3 Be6 18. Nc5 Bc8 19. Re5 b6 20. Bxd5 cxd5 21. Nd3
Re8 22. Rae1 Rxe5 23. Rxe5 f6 24. Rh5 Ba6 25. Nf4 Qe8 26. h4 Rc8 27. Rxd5 g5
28. hxg5 hxg5 29. Nh3 Bc4 30. Rd6 Qe7 31. Qg4 Re8 32. Qg3 Bxa2 33. Rxb6 Be6 34.
Kh2 Rd8 35. Rb8 Rxb8 36. Qxb8+ Kg7 37. Qb6 a4 38. Ng1 Qd7 39. Ne2 Kg6 40. Nc3
Bb3 41. Qc5 Qg4 42. d5 Qf4+ 43. g3 Qd2 44. d6 g4 45. Ne4 Qd3 46. Qe3 Qd5 47.
Qf4 f5 48. Qg5+ Kf7 49. Qe7+ 1-0

[Event "Monarch Assurance Isle of Man 15th"]
[Site "Port Erin IOM"]
[Date "2006.09.23"]
[Round "1.24"]
[White "Henrichsen, Jens"]
[Black "Gormally, Daniel W"]
[Result "0-1"]
[WhiteElo "2106"]
[BlackElo "2513"]
[PlyCount "66"]
[EventDate "2006.09.23"]
[EventType "swiss"]
[EventRounds "9"]
[EventCountry "IOM"]

1. d4 Nf6 2. c4 g6 3. Nc3 d5 4. Nf3 Bg7 5. Qb3 dxc4 6. Qxc4 O-O 7. e4 Nc6 8. h3
Nd7 9. Be3 Nb6 10. Qc5 Qd6 11. Qxd6 cxd6 12. Be2 f5 13. exf5 gxf5 14. Rd1 Bd7
15. O-O Rac8 16. Rfe1 Nb4 17. Rc1 Be6 18. Ng5 Bxa2 19. Nxa2 Nxa2 20. Ra1 Nb4
21. Rxa7 Nc2 22. Rd1 f4 23. Bd2 Nxd4 24. Bg4 Rb8 25. Ba5 Nc8 26. Bxc8 Rfxc8 27.
Bd2 h6 28. Ne4 f3 29. gxf3 Nxf3+ 30. Kg2 Nh4+ 31. Kf1 Rc4 32. Ng3 Bd4 33. Ra2
Rf8 0-1

[Event "Monarch Assurance Isle of Man 15th"]
[Site "Port Erin IOM"]
[Date "2006.09.23"]
[Round "1.25"]
[White "Al Sayed, Mohamad"]
[Black "Savory, Richard J"]
[Result "1-0"]
[WhiteElo "2492"]
[BlackElo "2101"]
[PlyCount "47"]
[EventDate "2006.09.23"]
[EventType "swiss"]
[EventRounds "9"]
[EventCountry "IOM"]

1. e4 c5 2. Nc3 e6 3. Nf3 d6 4. Bb5+ Bd7 5. Bxd7+ Qxd7 6. d4 cxd4 7. Qxd4 Nf6
8. Qd3 Nc6 9. Bf4 Be7 10. O-O-O Rd8 11. Rd2 O-O 12. Rhd1 Qc8 13. Qe3 e5 14. Bg5
Ng4 15. Qe1 Bxg5 16. Nxg5 Nd4 17. Nf3 Nxf3 18. gxf3 Nf6 19. Qe3 a6 20. f4 Qc7
21. f5 b5 22. Rg1 Ne8 23. Nd5 Qc5 24. Qxc5 1-0

[Event "Monarch Assurance Isle of Man 15th"]
[Site "Port Erin IOM"]
[Date "2006.09.23"]
[Round "1.26"]
[White "Sharma, Dinesh K"]
[Black "Wells, Peter K"]
[Result "1/2-1/2"]
[WhiteElo "2358"]
[BlackElo "2480"]
[PlyCount "52"]
[EventDate "2006.09.23"]
[EventType "swiss"]
[EventRounds "9"]
[EventCountry "IOM"]

1. d4 Nf6 2. Nf3 d5 3. c4 e6 4. Nc3 dxc4 5. e3 a6 6. Bxc4 b5 7. Bb3 Bb7 8. O-O
c5 9. Qe2 Nbd7 10. Rd1 Qc7 11. d5 exd5 12. Nxd5 Nxd5 13. Bxd5 Bxd5 14. Rxd5 Be7
15. e4 O-O 16. Bg5 Rfe8 17. Rad1 Nb6 18. R5d2 Bxg5 19. Nxg5 Qf4 20. Qh5 h6 21.
Nf3 Nc4 22. Re2 Rad8 23. Rxd8 Rxd8 24. g3 Qf6 25. Kg2 Rd3 26. Ne1 Rd2 1/2-1/2